Who's the Actor Behind the Superhero/Villain? #1 - Statistics

General Stats
  • This quiz has been taken 33 times
  • The average score is 12 of 20
Answer Stats
Superhero Actor / Actress % Correct
Thor Chris Hemsworth
96%
Batman (2016) Ben Affleck
89%
Harley Quinn Margot Robbie
89%
Deadpool Ryan Reynolds
89%
Captain America Chris Evans
85%
Ant-Man Paul Rudd
81%
Deadshot Will Smith
81%
Black Widow Scarlett Johansson
67%
Captain Marvel Brie Larson or Zachary Levi
63%
Gwen Stacy Emma Stone
63%
John Constantine Keanu Reeves or Matt Ryan
56%
Magneto (young) Michael Fassbender
56%
Green Goblin Willem Dafoe
56%
Pepper Potts Gwyneth Paltrow
52%
Flash Ezra Miller
44%
Kitty Pryde Ellen Page
37%
Mr. Fantastic Ioan Gruffudd or Miles Teller
26%
Jessica Jones Kristen Ritter
22%
Luke Cage Mike Colter
22%
Iceman Shawn Ashmore
22%
No matching quizzes found
Score Distribution
Percent of People with Each Score
Percentile by Number Answered
Your Score History
You have not taken this quiz